Statistics for Kings and Queens UK

Click here to take the quiz!

General Stats

  • This quiz has been taken 377 times
  • The average score is 31 of 42

Answer Stats

ruleAnswer% Correct
1558-1603Elizabeth I
94%
1413-1422Henry V
86%
1422-1461Henry VI
85%
1100-1135Henry I
84%
1154-1189Henry II
83%
1485-1509Henry VII
83%
1509-1547Henry VIII
83%
1714-1727George I
82%
1216-1272Henry III
82%
1952- PresentElizabeth II
81%
1727-1760George II
81%
1910-1936George V
81%
1399-1413Henry IV
81%
1066-1087William I
80%
1483Edward V
79%
1760-1820George III
79%
1837-1901Victoria
79%
1272-1307Edward I
78%
1087-1100 | 1689- 1702 ( mary )William II
78%
1307-1327Edward II
77%
1547-1553Edward VI
77%
1936-1952George VI
77%
1327-1377Edward III
76%
1820-1830George IV
76%
1603-1625 ( also king of scotland VI)James I
74%
1189-1199Richard I
74%
1483-1485Richard III
74%
1461-1483Edward IV
72%
1553-1558Mary I
72%
1625-1649Charles I
71%
1901-1910Edward VII
71%
1936Edward VIII
71%
1685-1688 ( also king VII scotland)James II
71%
1660-1685Charles II
70%
1199-1216John
67%
1702-1714Anne
57%
1377-1399Richard II
54%
1135-1154Stephen
51%
Common wealth 1653-1658Oliver Cromwell
49%
1830-1837William IV
41%
Common wealth 1658-59Richard Cromwell
20%

Score Distribution

Percentile by Number Answered

Percent of People with Each Score

Your Score History

You have not taken this quiz